| 000 | 00698nam a22002057a 4500 | ||
|---|---|---|---|
| 999 |
_c9814 _d9814 |
||
| 003 | AR-CdUCM | ||
| 008 | 190328b ||||| |||| 00| 0 spa d | ||
| 040 |
_aMUNICIPALIDAD PROVINCIAL DEL CUSCO _cBIBLIOTECA MUNICIPAL DEL CUSCO |
||
| 082 |
_a344.02 / _bUR76 / 1942 |
||
| 100 |
_aUre, Ernesto J. _926273 |
||
| 245 | _aTemas y Casos de Derecho Penal / | ||
| 260 |
_aBuenos Aires : _bIdeas ; _c1942. |
||
| 300 |
_a297 páginas ; _c23cm |
||
| 505 | _aContenido: Protección penal de la familia -- El delito de usura -- Epilepsia y responsabilidad -- Casos... | ||
| 650 |
_aProtección penal _926274 |
||
| 650 |
_aDerecho penal _95831 |
||
| 650 |
_aLeyes _94808 |
||
| 942 |
_2ddc _cLIBROS |
||
| 945 | _anom | ||